000 00299nam a2200109Ia 4500
008 171211s9999 xx 000 0 und d
245 _aLove in Vain: A Vision of Robert Johnson
245 _cAlan Greenberg
260 _c2012
650 _xART
856 _uhttp://down.ebook777.com/062/0816680809.pdf
999 _c348559
_d348559